000 00553cam a22001815a 4500
001 L155949
008 120423s1862 xxk f 000 0 eng d
035 _a(Sirsi) u155949
041 0 _aeng
100 1 _aWilson, John
245 0 0 _aBritish farming
_ba description of the mixed husbandry of Great Britain
260 _aEdinburgh
_bAdam & Charles Black
_c1862
300 _axix, 569 p., [20] leaves
_bill
_c23 cm.
583 _aCondition reviewed
_c20120620
_lcondition level 2
651 4 _aGreat Britain
_y1707-
690 _aRural
_96268
942 _n0
999 _c113937
_d113937